| 000 | 01163nam-a2200265-a-4500 | ||
|---|---|---|---|
| 001 | YSU0083886 | ||
| 003 | AM-YeHGA | ||
| 005 | 20250617153646.0 | ||
| 008 | 990426s1904 xxu 000 0 rus u | ||
| 040 | _aAM-YeHGA | ||
| 041 | 0 | _arus | |
| 100 | 1 | 0 | _aНеймайр, М. |
| 245 | 1 | 0 |
_aИстория земли : _bПер. с нем. / _cПроф. М. Неймайр ; Пер., перераб. и доп. В. Улигомъ ; Съ доп. по геологии по России В.В. Ломанского и А.П. Нечаева ; Подъ ред. А.А. Иностранцева |
| 260 | 0 |
_aСанкт-Петербург : _bТоварищество "Просвещение" , _c1904 - |
|
| 300 |
_aт. _bсъ 437 рис. _b2 _b0@BK _b12 хромо _b6 рез. на дер. _c8B>3@0D. |
||
| 500 | _aПер. со 2-го нем. изд. | ||
| 505 | 1 | 0 |
_gТ. 1 ([1904], 762 с.) _gТ. 2 (1904, 852 с.) |
| 650 | 4 | _aИстория Земли | |
| 700 | 1 |
_aУлиг, В. _4trl |
|
| 700 | 1 |
_aЛоманский, В.В. _4aut |
|
| 700 | 1 |
_aНечаев, А.П. _4aut |
|
| 700 | 1 |
_aИностранцев, А.А. _4edt |
|
| 942 |
_2udc _cBK |
||
| 090 | _c397708 | ||
| 999 |
_c395659 _d395659 |
||